[Event "Winnipeg TNT June op"]
[Site "Winnipeg"]
[Date "2012.06.26"]
[Round "4.4"]
[White "Wasserman, Leor"]
[Black "Campbell, Gary"]
[Result "1-0"]
[WhiteElo "2047"]
[BlackElo "1720"]
[PlyCount "39"]
[EventDate "2012.06.05"]
[EventType "swiss"]
[EventRounds "4"]
[EventCountry "CAN"]
[SourceTitle "EXT 2022"]
[Source "ChessBase"]
[SourceDate "2021.10.06"]
[SourceVersion "1"]
[SourceVersionDate "2021.10.06"]
[SourceQuality "1"]

1. e4 e6 2. d4 d5 3. exd5 exd5 4. Bd3 Bd6 5. c4 Nf6 6. Ne2 Be6 7. cxd5 Nxd5 8. Nbc3 0-0 9. 0-0 Re8 10. Nxd5 Bxd5 11. Nf4 Be4 12. Re1 Bxd3 13. Rxe8+ Qxe8 14. Nxd3 Nd7 15. Qf3 c6 16. Bg5 f6 17. Re1 Qg6 18. Bf4 Bxf4 19. Nxf4 Re8 20. Qb3+ 1-0

[Event "Winnipeg TNT July op"]
[Site "Winnipeg"]
[Date "2011.07.26"]
[Round "4"]
[White "De los Santos, Christopher"]
[Black "Campbell, Gary"]
[Result "1-0"]
[WhiteElo "1600"]
[BlackElo "1711"]
[PlyCount "53"]
[EventDate "2011.07.05"]
[EventType "swiss"]
[EventRounds "4"]
[EventCountry "CAN"]
[SourceTitle "EXT 2022"]
[Source "ChessBase"]
[SourceDate "2021.10.06"]
[SourceVersion "1"]
[SourceVersionDate "2021.10.06"]
[SourceQuality "1"]

1. d4 d5 2. c4 e6 3. Nc3 Be7 4. Nf3 Nf6 5. Bg5 h6 6. Bh4 0-0 7. e3 Nbd7 8. Bd3 dxc4 9. Bxc4 c5 10. 0-0 cxd4 11. exd4 a6 12. a4 Nb6 13. Bb3 Nbd5 14. Re1 Qa5 15. Nxd5 Nxd5 16. Bxe7 Nxe7 17. Qd3 Qf5 18. Qd2 Rd8 19. Re5 Qf6 20. Rae1 Nc6 21. R5e4 Bd7 22. Bc2 g5 23. h4 Kh8 24. hxg5 hxg5 25. Nxg5 Kg7 26. Rf4 Qxg5 27. Rxf7+ 1-0

[Event "Winnipeg TNT May op"]
[Site "Winnipeg"]
[Date "2011.05.31"]
[Round "5"]
[White "Evans, Brian"]
[Black "Campbell, Gary"]
[Result "0-1"]
[WhiteElo "1556"]
[BlackElo "1729"]
[PlyCount "90"]
[EventDate "2011.05.03"]
[EventType "swiss"]
[EventRounds "5"]
[EventCountry "CAN"]
[SourceTitle "EXT 2022"]
[Source "ChessBase"]
[SourceDate "2021.10.06"]
[SourceVersion "1"]
[SourceVersionDate "2021.10.06"]
[SourceQuality "1"]

1. d4 d5 2. c4 e6 3. Nc3 Nf6 4. Bg5 Be7 5. Bxf6 Bxf6 6. Nf3 0-0 7. e3 Nc6 8. cxd5 exd5 9. Qb3 Re8 10. Be2 Ne7 11. 0-0 c6 12. e4 dxe4 13. Nxe4 Nd5 14. Nxf6+ Qxf6 15. Bc4 Nb6 16. Ne5 Be6 17. Bxe6 Qxe6 18. Qxe6 Rxe6 19. Rfe1 Rae8 20. Nf3 Nd5 21. Rxe6 Rxe6 22. Re1 Rxe1+ 23. Nxe1 f6 24. Nc2 Kf7 25. g3 Ke6 26. Kf1 Kf5 27. f3 Nb6 28. Ne3+ Ke6 29. Ke2 Na4 30. Nd1 f5 31. b3 Nb6 32. Kd3 g5 33. Ne3 h5 34. h3 Nd5 35. a3 Nxe3 36. Kxe3 Kd5 37. f4 g4 38. h4 a5 39. Kd3 c5 40. dxc5 Kxc5 41. Kc3 Kd5 42. Kd3 b6 43. Ke3 a4 44. bxa4 Kc4 45. Kd2 Kb3 0-1

[Event "Winnipeg TNT May op"]
[Site "Winnipeg"]
[Date "2011.05.24"]
[Round "4"]
[White "Reimer, Bruce"]
[Black "Campbell, Gary"]
[Result "1-0"]
[WhiteElo "1660"]
[BlackElo "1729"]
[PlyCount "64"]
[EventDate "2011.05.03"]
[EventType "swiss"]
[EventRounds "5"]
[EventCountry "CAN"]
[SourceTitle "EXT 2022"]
[Source "ChessBase"]
[SourceDate "2021.10.06"]
[SourceVersion "1"]
[SourceVersionDate "2021.10.06"]
[SourceQuality "1"]

1. c4 e6 2. g3 c5 3. Bg2 Nf6 4. Nc3 d5 5. cxd5 exd5 6. e3 Nc6 7. Nge2 g6 8. d4 cxd4 9. exd4 Bg7 10. Bg5 Qa5 11. 0-0 Ne4 12. Nxe4 dxe4 13. Bf4 0-0 14. Bxe4 Qb6 15. d5 Ne5 16. Rb1 Bg4 17. Bxe5 Bxe5 18. Qd2 f5 19. Bg2 Bxe2 20. Qxe2 Rae8 21. Qd2 f4 22. Qd3 fxg3 23. hxg3 Rf6 24. Qb3 Qxb3 25. axb3 Bd4 26. Rfd1 Bxf2+ 27. Kh2 Re3 28. d6 Bxg3+ 29. Kh1 Bxd6 30. Bxb7 Rh3+ 31. Kg1 Bc5+ 32. Kg2 Rxb3 1-0

[Event "Winnipeg TNT March op"]
[Site "Winnipeg"]
[Date "2011.03.22"]
[Round "4"]
[White "Campbell, Gary"]
[Black "Milward, Dave"]
[Result "1-0"]
[WhiteElo "1724"]
[BlackElo "1676"]
[PlyCount "71"]
[EventDate "2011.03.01"]
[EventType "swiss"]
[EventRounds "5"]
[EventCountry "CAN"]
[SourceTitle "EXT 2022"]
[Source "ChessBase"]
[SourceDate "2021.10.06"]
[SourceVersion "1"]
[SourceVersionDate "2021.10.06"]
[SourceQuality "1"]

1. d4 Nf6 2. c4 g6 3. Nc3 Bg7 4. e4 d6 5. Be2 0-0 6. Nf3 e5 7. 0-0 Nc6 8. d5 Ne7 9. Ne1 Ne8 10. Be3 f5 11. f3 f4 12. Bf2 g5 13. b4 Ng6 14. c5 Rf7 15. Rc1 Bf8 16. Nd3 h5 17. cxd6 cxd6 18. Nb5 Rg7 19. Nxa7 Rxa7 20. Bxa7 g4 21. Bf2 Nh4 22. Bxh4 Qxh4 23. Rxc8 Nf6 24. Rc4 gxf3 25. Bxf3 Ng4 26. Bxg4 hxg4 27. Ne1 Rh7 28. h3 gxh3 29. g4 Qg3+ 30. Kh1 Rg7 31. Rg1 Qe3 32. Qf3 Qd2 33. Rc2 Qxb4 34. g5 Be7 35. g6 Bh4 36. Rc8+ 1-0

[Event "Winnipeg TNT February op"]
[Site "Winnipeg"]
[Date "2011.02.08"]
[Round "2.4"]
[White "Kaptsan, Aron"]
[Black "Campbell, Gary"]
[Result "1-0"]
[WhiteElo "2010"]
[BlackElo "1684"]
[PlyCount "39"]
[EventDate "2011.02.01"]
[EventType "swiss"]
[EventRounds "4"]
[EventCountry "CAN"]
[SourceTitle "EXT 2022"]
[Source "ChessBase"]
[SourceDate "2021.10.06"]
[SourceVersion "1"]
[SourceVersionDate "2021.10.06"]
[SourceQuality "1"]

1. d4 d5 2. c4 e6 3. Nf3 Be7 4. e3 Nf6 5. Bd3 dxc4 6. Bxc4 0-0 7. Nc3 Bb4 8. 0-0 Bxc3 9. bxc3 b6 10. Ne5 Bb7 11. f3 Nbd7 12. Nd3 c5 13. dxc5 Rc8 14. Qb3 Qc7 15. Ba3 Rfe8 16. Bb5 Bc6 17. Bxc6 Qxc6 18. cxb6 Qxc3 19. b7 Qxb3 20. bxc8Q 1-0

[Event "Winnipeg Shpan Memorial"]
[Site "Winnipeg"]
[Date "2010.11.30"]
[Round "5"]
[White "Wasserman, Leor"]
[Black "Campbell, Gary"]
[Result "1-0"]
[WhiteElo "1776"]
[BlackElo "1648"]
[PlyCount "60"]
[EventDate "2010.11.02"]
[EventType "swiss"]
[EventRounds "6"]
[EventCountry "CAN"]
[SourceTitle "EXT 2022"]
[Source "ChessBase"]
[SourceDate "2021.10.06"]
[SourceVersion "1"]
[SourceVersionDate "2021.10.06"]
[SourceQuality "1"]

1. e4 e6 2. d4 d5 3. exd5 exd5 4. Bd3 Nc6 5. Ne2 Nf6 6. c4 Bb4+ 7. Nbc3 0-0 8. 0-0 Re8 9. Qc2 h6 10. cxd5 Nxd5 11. Nxd5 Qxd5 12. Bc4 Qd8 13. Bxh6 Rxe2 14. Qxe2 gxh6 15. Qh5 Qf6 16. a3 Bd6 17. Rfe1 Nxd4 18. Re8+ Kg7 19. Rxc8 Rxc8 20. Qg4+ Qg5 21. Qxd4+ Kg8 22. Re1 Rd8 23. Qe4 Kf8 24. g3 Qg6 25. Qxb7 Qc2 26. Qd5 Qg6 27. Qd4 Qg7 28. Qh4 Re8 29. Rxe8+ Kxe8 30. Bb5+ Kf8 1-0

[Event "Winnipeg Shpan Memorial"]
[Site "Winnipeg"]
[Date "2010.11.02"]
[Round "1.6"]
[White "Coran, Sean"]
[Black "Campbell, Gary"]
[Result "0-1"]
[WhiteElo "1682"]
[BlackElo "1648"]
[PlyCount "68"]
[EventDate "2010.11.02"]
[EventType "swiss"]
[EventRounds "6"]
[EventCountry "CAN"]
[SourceTitle "EXT 2022"]
[Source "ChessBase"]
[SourceDate "2021.10.06"]
[SourceVersion "1"]
[SourceVersionDate "2021.10.06"]
[SourceQuality "1"]

1. e4 e6 2. d4 d5 3. Nc3 Nf6 4. e5 Nfd7 5. Qg4 c5 6. Nf3 cxd4 7. Qxd4 Nc6 8. Qf4 h6 9. Bb5 Be7 10. 0-0 f6 11. Qg3 Kf7 12. exf6 gxf6 13. Re1 a6 14. Bxc6 bxc6 15. Qh3 e5 16. Qh5+ Kg7 17. Nh4 Nf8 18. Re3 f5 19. Nxf5+ Bxf5 20. Qxf5 Ng6 21. Rg3 Qd6 22. Bd2 Bh4 23. Rf3 Raf8 24. Qh5 Rxf3 25. Qxf3 Rf8 26. Qh5 Bxf2+ 27. Kh1 Nf4 28. Bxf4 Rxf4 29. Rf1 e4 30. Qe2 Rh4 31. h3 e3 32. Qxa6 d4 33. Ne2 Qd5 34. Rd1 Rxh3# 0-1

[Event "Winnipeg TNT March op"]
[Site "Winnipeg"]
[Date "2010.03.23"]
[Round "4"]
[White "Czarny, Keith"]
[Black "Campbell, Gary"]
[Result "0-1"]
[WhiteElo "1589"]
[BlackElo "1628"]
[PlyCount "48"]
[EventDate "2010.03.02"]
[EventType "swiss"]
[EventRounds "4"]
[EventCountry "CAN"]
[SourceTitle "EXT 2022"]
[Source "ChessBase"]
[SourceDate "2021.10.06"]
[SourceVersion "1"]
[SourceVersionDate "2021.10.06"]
[SourceQuality "1"]

1. Nf3 Nf6 2. g3 d5 3. Bg2 c5 4. 0-0 Nc6 5. c4 d4 6. d3 e5 7. Nbd2 Bd6 8. Ne1 0-0 9. Ne4 Nxe4 10. Bxe4 f5 11. Bg2 Qe8 12. Nf3 e4 13. dxe4 fxe4 14. Nd2 Bf5 15. f3 e3 16. Ne4 Bxe4 17. fxe4 Ne5 18. b3 Ng4 19. Rf5 Rxf5 20. exf5 Qh5 21. h3 Nf2 22. g4 Qh4 23. Bd5+ Kh8 24. Qf1 Nxh3+ 0-1

[Event "Winnipeg TNT February op"]
[Site "Winnipeg"]
[Date "2010.02.16"]
[Round "3"]
[White "Campbell, Gary"]
[Black "Einarsson, Ken"]
[Result "0-1"]
[WhiteElo "1630"]
[BlackElo "1752"]
[PlyCount "34"]
[EventDate "2010.02.02"]
[EventType "swiss"]
[EventRounds "4"]
[EventCountry "CAN"]
[SourceTitle "EXT 2011"]
[Source "ChessBase"]
[SourceDate "2010.11.26"]
[SourceVersion "1"]
[SourceVersionDate "2010.11.26"]
[SourceQuality "1"]

1. d4 d5 2. c4 e6 3. Nc3 Nf6 4. cxd5 exd5 5. Bg5 Be7 6. Qc2 0-0 7. e3 Nc6 8. a3 h6 9. Bh4 Re8 10. Bd3 Ng4 11. Bg3 Bg5 12. Nge2 Bxe3 13. fxe3 Nxe3 14. Qc1 Nxg2+ 15. Kd2 Ne3 16. Bf4 Na5 17. Bc2 Nac4+ 0-1

[Event "Winnipeg Mike Shpan Memorial"]
[Site "Winnipeg"]
[Date "2009.11.03"]
[Round "1"]
[White "Campbell, Gary"]
[Black "Babb, Jeff"]
[Result "0-1"]
[WhiteElo "1664"]
[BlackElo "2046"]
[PlyCount "40"]
[EventDate "2009.11.03"]
[EventType "swiss"]
[EventRounds "6"]
[EventCountry "CAN"]
[SourceTitle "EXT 2011"]
[Source "ChessBase"]
[SourceDate "2010.11.26"]
[SourceVersion "1"]
[SourceVersionDate "2010.11.26"]
[SourceQuality "1"]

1. d4 Nf6 2. c4 e6 3. Nc3 Bb4 4. e3 b6 5. Be2 Bb7 6. Bf3 Ne4 7. Qc2 f5 8. Bd2 Bxc3 9. Bxc3 0-0 10. Ne2 Qc8 11. Ng3 Nxc3 12. Bxb7 Qxb7 13. bxc3 Qxg2 14. 0-0-0 Nc6 15. Qe2 Qh3 16. d5 Ne5 17. f4 Ng4 18. dxe6 dxe6 19. e4 fxe4 20. Qxe4 Nf2 0-1

[Event "Winnipeg TNT August op"]
[Site "Winnipeg"]
[Date "2009.08.18"]
[Round "3"]
[White "Campbell, Gary"]
[Black "Villeneuve, Justin"]
[Result "1-0"]
[WhiteElo "1651"]
[BlackElo "1306"]
[PlyCount "73"]
[EventDate "2009.08.04"]
[EventType "swiss"]
[EventRounds "4"]
[EventCountry "CAN"]
[SourceTitle "EXT 2011"]
[Source "ChessBase"]
[SourceDate "2010.11.26"]
[SourceVersion "1"]
[SourceVersionDate "2010.11.26"]
[SourceQuality "1"]

1. d4 Nf6 2. c4 e6 3. Nc3 Nc6 4. Bg5 Be7 5. e3 0-0 6. Nf3 d5 7. a3 dxc4 8. Bxc4 h6 9. Bh4 Nd5 10. Bxe7 Qxe7 11. 0-0 Nxc3 12. bxc3 e5 13. Qc2 exd4 14. cxd4 g6 15. Bd3 Bg4 16. Nd2 Qg5 17. Ne4 Qe7 18. Nc5 Rab8 19. Rfb1 b6 20. Na6 Rb7 21. Qxc6 Rbb8 22. Nxb8 Rxb8 23. Rc1 Rc8 24. Ba6 Rd8 25. Qxc7 Qxc7 26. Rxc7 Rd5 27. Bc4 Rf5 28. h3 Bh5 29. g4 Bxg4 30. hxg4 Rg5 31. Rxf7 Kh8 32. Kf1 Rxg4 33. Ke2 a5 34. Rb1 Re4 35. Rxb6 Re8 36. Rbb7 h5 37. Rh7# 1-0

[Event "Winnipeg TNT June op"]
[Site "Winnipeg"]
[Date "2009.06.16"]
[Round "3"]
[White "Green, Aaron"]
[Black "Campbell, Gary"]
[Result "0-1"]
[WhiteElo "1830"]
[BlackElo "1640"]
[PlyCount "66"]
[EventDate "2009.06.02"]
[EventType "swiss"]
[EventRounds "4"]
[EventCountry "CAN"]
[SourceTitle "EXT 2011"]
[Source "ChessBase"]
[SourceDate "2010.11.26"]
[SourceVersion "1"]
[SourceVersionDate "2010.11.26"]
[SourceQuality "1"]

1. e4 c5 2. Nf3 Nc6 3. d4 cxd4 4. Nxd4 Nf6 5. Nc3 e5 6. Ndb5 d6 7. a4 a6 8. Na3 Be6 9. Bc4 Be7 10. 0-0 0-0 11. h3 Rc8 12. Bd5 Bxd5 13. exd5 Nb4 14. Bg5 Nbxd5 15. Nxd5 Nxd5 16. Qxd5 Bxg5 17. b3 Qc7 18. Rad1 Qc5 19. Qxd6 Qxd6 20. Rxd6 Be7 21. Rfd1 Bxd6 22. Rxd6 Rfd8 23. Rb6 Rd7 24. Nc4 Rc6 25. Rb4 f6 26. Na5 Rxc2 27. Nxb7 Rdd2 28. Na5 Rxf2 29. Rb8+ Kf7 30. Nc4 Rxg2+ 31. Kh1 Ra2 32. Rb7+ Kg6 33. Rb6 Rge2 0-1

[Event "Winnipeg TNT April op"]
[Site "Winnipeg"]
[Date "2009.04.07"]
[Round "1"]
[White "Mundwiler, Les"]
[Black "Campbell, Gary"]
[Result "1-0"]
[WhiteElo "2014"]
[BlackElo "1650"]
[PlyCount "42"]
[EventDate "2009.04.07"]
[EventType "swiss"]
[EventRounds "5"]
[EventCountry "CAN"]
[SourceTitle "EXT 2011"]
[Source "ChessBase"]
[SourceDate "2010.11.26"]
[SourceVersion "1"]
[SourceVersionDate "2010.11.26"]
[SourceQuality "1"]

1. e4 e6 2. d4 d5 3. Nd2 Nf6 4. Bd3 c5 5. dxc5 Bxc5 6. Qe2 0-0 7. Ngf3 Nc6 8. e5 Nd7 9. Nb3 Bb6 10. h4 f6 11. Ng5 Ndxe5 12. Bxh7+ Kh8 13. Qh5 Nf7 14. Nxf7+ Rxf7 15. Bg6+ Kg8 16. Bxf7+ Kf8 17. Bg6 Ne7 18. Qh8+ Ng8 19. Bh7 Kf7 20. Qxg8+ Qxg8 21. Bxg8+ Kxg8 1-0

[Event "Winnipeg TNT March op"]
[Site "Winnipeg"]
[Date "2009.03.03"]
[Round "1"]
[White "Campbell, Gary"]
[Black "Khedkar, Jay S"]
[Result "0-1"]
[WhiteElo "1640"]
[BlackElo "1974"]
[PlyCount "56"]
[EventDate "2009.03.03"]
[EventType "swiss"]
[EventRounds "5"]
[EventCountry "CAN"]
[SourceTitle "EXT 2011"]
[Source "ChessBase"]
[SourceDate "2010.11.26"]
[SourceVersion "1"]
[SourceVersionDate "2010.11.26"]
[SourceQuality "1"]

1. d4 d5 2. c4 e6 3. Nc3 Nf6 4. Bg5 Nbd7 5. cxd5 exd5 6. e3 Be7 7. Qc2 0-0 8. Bd3 Re8 9. Nf3 c6 10. 0-0 Nf8 11. Rab1 Ne4 12. Bxe7 Qxe7 13. Bxe4 dxe4 14. Nd2 Bf5 15. b4 Ne6 16. d5 cxd5 17. Nxd5 Qg5 18. Rbc1 Rad8 19. Nc3 Bh3 20. Qxe4 Rxd2 21. Qf3 Bf5 22. Qxb7 Qg6 23. Qc6 Red8 24. e4 Bg4 25. Nd5 R2xd5 26. exd5 Bf3 27. g3 Nf4 28. Rfe1 Nh3+ 0-1